Simulations for Solid State Physics: (Record no. 3811)

MARC details
000 -LEADER
fixed length control field 01135pam a2200289 a 4500
001 - CONTROL NUMBER
control field 4000581
003 - CONTROL NUMBER IDENTIFIER
control field OSt
005 - DATE AND TIME OF LATEST TRANSACTION
control field 20170421204212.0
008 - FIXED-LENGTH DATA ELEMENTS--GENERAL INFORMATION
fixed length control field 961101s1997 enka b 001 0 eng
010 ## - LIBRARY OF CONGRESS CONTROL NUMBER
LC control number 96048930
020 ## - INTERNATIONAL STANDARD BOOK NUMBER
International Standard Book Number 0521590949
020 ## - INTERNATIONAL STANDARD BOOK NUMBER
International Standard Book Number 0521599113
040 ## - CATALOGING SOURCE
Original cataloging agency DLC
Transcribing agency DLC
Modifying agency DLC
050 00 - LIBRARY OF CONGRESS CALL NUMBER
Classification number QC176
Item number .S487 1997
082 00 - DEWEY DECIMAL CLASSIFICATION NUMBER
Classification number 530.4
Edition number 21
Item number SIL 1997
100 1# - MAIN ENTRY--PERSONAL NAME
Personal name Silsbee, Robert H.; Jorg, Drager.
9 (RLIN) 8373
245 10 - TITLE STATEMENT
Title Simulations for Solid State Physics:
Remainder of title an interactive resource for students and teachers
260 ## - PUBLICATION, DISTRIBUTION, ETC. (IMPRINT)
Name of publisher, distributor, etc. Cambridge University Press,
Date of publication, distribution, etc. 1997.
300 ## - PHYSICAL DESCRIPTION
Extent xvii, 348 p. :
Other physical details ill. ;
Dimensions 26 cm. +
Accompanying material 1 CDROM
504 ## - BIBLIOGRAPHY, ETC. NOTE
Bibliography, etc Includes bibliographical references and index.
538 ## - SYSTEM DETAILS NOTE
System details note System requirements for accompanying computer disc: Microsoft Windows 3.1 or later; Apple Power Macintosh running system 7.5 or later; Unix workstations with X windows.
650 #0 - SUBJECT ADDED ENTRY--TOPICAL TERM
Topical term or geographic name as entry element Solid state physics
9 (RLIN) 8374
650 #0 - SUBJECT ADDED ENTRY--TOPICAL TERM
Topical term or geographic name as entry element physics solids
9 (RLIN) 12116
856 42 - ELECTRONIC LOCATION AND ACCESS
Materials specified Publisher description
Uniform Resource Identifier http://www.loc.gov/catdir/description/cam028/96048930.html
906 ## - LOCAL DATA ELEMENT F, LDF (RLIN)
a 7
b cbc
c orignew
d 1
e ocip
f 19
g y-gencatlg
942 ## - ADDED ENTRY ELEMENTS (KOHA)
Source of classification or shelving scheme Dewey Decimal Classification
Koha item type Short Loan
Holdings
Withdrawn status Lost status Source of classification or shelving scheme Damaged status Not for loan Home library Current library Date acquired Source of acquisition Inventory number Total Checkouts Full call number Barcode Date last seen Koha item type Price effective from
    Dewey Decimal Classification     MUST Main Library MUST Main Library 27/04/2016   00/13563   530.4 SIL 1997 2016-1478 27/04/2016 Short Loan  
    Dewey Decimal Classification     MUST Main Library MUST Main Library 29/03/2017   05/24269   530.4 SIL 1997 2017-0700 29/03/2017 Open Shelf  
    Dewey Decimal Classification     MUST Main Library MUST Main Library 07/04/2017   05/24568   530.4 SIL 1997 2017-0771 07/04/2017 Open Shelf  
    Dewey Decimal Classification     MUST Main Library MUST Main Library 12/11/2018   2005/24567   530.4 SIL 1997 2018-0405 12/11/2018 Open Shelf 12/11/2018